A handbook for rapid appraisal of fisheries management systems (Version 1)
Tallennettuna:
| Aineistotyyppi: | Kirja |
|---|---|
| Kieli: | Undetermined |
| Julkaistu: |
Manila (Philippin)
International Center for Living Aquatic Resources Management
1996
|
| Aiheet: | |
| Tagit: |
Lisää tagi
Ei tageja, Lisää ensimmäinen tagi!
|
| Thư viện lưu trữ: | Trung tâm Học liệu Trường Đại học Cần Thơ |
|---|
| LEADER | 00599nam a2200181Ia 4500 | ||
|---|---|---|---|
| 001 | CTU_149715 | ||
| 008 | 210402s9999 xx 000 0 und d | ||
| 082 | |a 338.3 | ||
| 082 | |b H236 | ||
| 245 | 2 | |a A handbook for rapid appraisal of fisheries management systems | |
| 245 | 0 | |b (Version 1) | |
| 245 | 0 | |c Micheal D. Pido ... [et al.] | |
| 260 | |a Manila (Philippin) | ||
| 260 | |b International Center for Living Aquatic Resources Management | ||
| 260 | |c 1996 | ||
| 650 | |a Fishery management,Quản lý nghề cá | ||
| 904 | |i Nguyên | ||
| 980 | |a Trung tâm Học liệu Trường Đại học Cần Thơ | ||